Sprache im Alltag <ein> Konversationsbuch für Fortgeschrittene

Salvato in:
Dettagli Bibliografici
Autore principale: Kanisová, Zdenka
Altri autori: Richter, Manfred
Natura: Libro
Lingua:tedesco
Pubblicazione: Bratislava Slovenské pedagogické nakladateľstvo 1998
Soggetti:
Tags: Aggiungi Tag
Nessun Tag, puoi essere il primo ad aggiungerne!!

MARC

LEADER 00000nam$a2200000$$$4500
001 0019760
005 20240111125542.6
020 |a 80-08-02645-6 
041 0 |a ger 
044 |a SK 
245 1 0 |a Sprache im Alltag  |b <ein> Konversationsbuch für Fortgeschrittene  |c Zdenka Kanisová, Manfred Richter 
264 1 |a Bratislava  |b Slovenské pedagogické nakladateľstvo  |c 1998 
300 |a 252 s. 
610 2 0 |a jazyky cudzie 
610 2 0 |a jazykoveda 
610 2 0 |a nemčina 
100 1 |a Kanisová, Zdenka 
700 1 |a Richter, Manfred